000 00366cam a22001097a 4500
008 180718b1955 xxu||||| |||| 00| 0 eng d
082 _aH603x5453 T697
100 _aTravancore-Cochin.
245 _aRules for legal assistance to public officers (other than Police officers) and Police Officers
260 _aTrivandrum
_bGovernment Central Press
_c1955
300 _a10+p
999 _c397509
_d397509